000 01228nam a2200253Ia 4500
999 _c38565
_d38565
001 4681
003 GE_BSU
005 20200127103331.0
008 181216s2008||||ge |||||||||||||| ||geo||
020 _a9789994097524
040 _cGE_BSU
041 _ageo
080 _a615.(075.8) ხ-25
100 _aხარკევიჩი, დ.
_93185
245 _aფარმაკოლოგია :
_bსახელმძღვანელო უმაღ. სამედიცინო სასწ. სტუდ. და ექიმებისათვის /
_cდ. ხარკევიჩი ; თარგ. მთ. რედ. ნელი ანთელავა, რედ. ნიკოლოზ გონგაძე და სხვა
250 _aმე–9 გამოც.
264 _aთბილისი :
_bმთაწმინდელი ;
_c2008.
300 _a820 გვ. :
_bილ. ;
_c20 სმ.
653 _aფარმაკოლოგია
653 _aმედიცინა
700 _aანთელავა, ნელი
_eრედაქტორი
_93186
700 _aგონგაძე, ნიკოლოზ
_eრედაქტორი
_93187
942 _cBK
_2udc